00588cam a2200169 a 450000100100000000500170001000800410002702000150006804000250008308200150010810000170012324501360014026000610027630000270033770000280036470000260039200001973720200929170124.0100705s1988 xxu 000 0 spa  a0311243049 aDO-SdBNPbspacBNPHU axxxbF699a1 aFord, Leroy,10aAyudas visulaes :bcomo realizarlas /cLeroy Ford ; traducción Viola D. Campbell ; revisión y adaptación Nelly de Gonzáles. aEstados Unidos :bCasa Bautista de Publicaciones,c1988. a80 p. :bil. ;c21 cm.1 aCampbell, Viola D.etr.1 aGonzález, Nelly de,